MARC

LEADER 00000nam0a2200000 4500
001 113197
005 20231031121736.0
035 |a (RuTPU)RU\TPU\book\122433 
090 |a 113197 
100 |a 20070406d1985 k y0rusy50 ca 
101 0 |a rus 
102 |a RU 
105 |a a b 000zy 
200 1 |a Котлы большой мощности  |e Отраслевой каталог  |f Научно-исследовательский институт экономики, организации производства и технико-экономической информации в энергетическом машиностроении (НИИЭИНФОРМЭНЕРГОМАШ) 
210 |a Москва  |c НИИЭИНФОРМЭНЕРГОМАШ  |d 1985 
215 |a 126 с.  |c ил. 
610 1 |a каталоги 
610 1 |a паровые котлы 
610 1 |a котлы водогрейные 
675 |a 621.181(085)  |v 3 
712 0 2 |a Научно-исследовательский институт экономики, организации производства и технико-экономической информации в энергетическом машиностроении (НИИЭИНФОРМЭНЕРГОМАШ)  |2 stltpush  |3 (RuTPU)RU\TPU\col\10809 
801 1 |a RU  |b 63413507  |c 20070406  |g PSBO 
801 2 |a RU  |b 63413507  |c 20070413  |g PSBO 
942 |c BK